000 00567nam a2200205Ia 4500
003 GCL
008 140319s9999 xx 000 0 ara d
040 _aGCL /
_cGCL
082 0 4 _a822.008
_bش م
100 1 _aخليل مطران
245 1 0 _aمكبث /
_cخليل مطران
260 _a[S.N] :
_bدار الجيل ،
_c1987
300 _a112 ص
490 _a
650 0 4 _aالمسرحيات
650 0 4 _aالادب الانجليزى
650 0 4 _aالمسرحيات الانجليزية
650 0 4 _aشكسبير، ويليام
942 _2ddc
_cBK
999 _c56148
_d56148